[Event "Izmir Arena IM"]
[Site "Izmir"]
[Date "2024.03.19"]
[Round "4"]
[White "Ozsakallioglu, Okan"]
[Black "Gur, Ali1"]
[Result "1-0"]
[WhiteElo "2365"]
[BlackElo "1848"]
[PlyCount "143"]
[EventDate "2024.03.18"]
[EventType "tourn"]
[EventRounds "9"]
[EventCountry "TUR"]
[SourceTitle "CB13_2024"]
[SourceDate "2024.03.27"]
[SourceVersion "1"]
[SourceVersionDate "2024.03.27"]
[SourceQuality "1"]

1. e4 c5 2. Nf3 d6 3. d4 cxd4 4. Nxd4 Nf6 5. Nc3 g6 6. Be3 Bg7 7. f3 0-0 8. Qd2 Be6 9. 0-0-0 Nc6 10. Kb1 a6 11. Nxe6 fxe6 12. Bc4 Qd7 13. Na4 Ne5 14. Bb3 Qb5 15. Nb6 Nfd7 16. Bxe6+ Kh8 17. c4 Qc6 18. Nxa8 Rxa8 19. Qd5 Nf8 20. f4 Nxe6 21. fxe5 Bxe5 22. h4 Nc7 23. Qxc6 bxc6 24. h5 Kg7 25. hxg6 hxg6 26. Rdf1 Rb8 27. Rf2 Ne6 28. Rh3 c5 29. Bh6+ Kg8 30. Bc1 Nd4 31. Ra3 Ra8 32. Bg5 Nc6 33. g4 Bd4 34. Rh2 Rf8 35. Rh1 Rf2 36. Bc1 a5 37. Re1 Kf7 38. g5 Ke6 39. Rh3 Ne5 40. b3 Nc6 41. Reh1 Be5 42. Rd3 Re2 43. Re3 Rg2 44. Rf3 Nb4 45. a3 Na2 46. Rd1 Nc3+ 47. Rxc3 Bxc3 48. Rd3 Be5 49. Bd2 Re2 50. Bxa5 Rxe4 51. Bd2 Kd7 52. Kc2 Rh4 53. Rf3 Bd4 54. b4 cxb4 55. axb4 Be5 56. Kb3 Rh2 57. Rd3 Kc6 58. b5+ Kb7 59. Kb4 Rh1 60. c5 Rh4+ 61. Ka5 Bd4 62. c6+ Kc7 63. Be3 Rh3 64. Rxd4 Rxe3 65. Rc4 Ra3+ 66. Kb4 Ra8 67. Re4 e5 68. Rh4 Ra1 69. Rh7+ Kc8 70. Kc4 Rb1 71. Kd5 Rxb5+ 72. Kxd6 1-0

[Event "Skopje op"]
[Site "Skopje"]
[Date "2023.12.10"]
[Round "6"]
[White "Ozsakallioglu, Okan"]
[Black "Stanojoski, Zvonko"]
[Result "1-0"]
[WhiteElo "2314"]
[BlackElo "2392"]
[PlyCount "123"]
[EventDate "2023.12.06"]
[EventType "swiss"]
[EventRounds "9"]
[EventCountry "MKD"]
[SourceTitle "CB50_2023"]
[SourceDate "2023.12.13"]
[SourceVersion "1"]
[SourceVersionDate "2023.12.13"]
[SourceQuality "1"]

1. e4 c5 2. Nf3 Nc6 3. Bb5 g6 4. Bxc6 bxc6 5. d4 Bg7 6. dxc5 Ba6 7. Nbd2 Qa5 8. Rb1 Nf6 9. b4 Qxa2 10. Rb3 Bc8 11. 0-0 0-0 12. c4 Qa4 13. Bb2 a5 14. e5 Nh5 15. Qc2 axb4 16. Ra1 Qxa1+ 17. Bxa1 Rxa1+ 18. Rb1 Ra8 19. Rxb4 Nf4 20. g3 Ne6 21. Ne4 f5 22. exf6 exf6 23. Qd2 Ra3 24. Nd6 Ba6 25. Kg2 Nxc5 26. Rb6 Ra4 27. Qd4 Ne6 28. Qd1 Ra3 29. Qb1 f5 30. Rb8 Ra4 31. Qb3 Ra1 32. Qb6 f4 33. g4 Rd1 34. Rxf8+ Bxf8 35. Qxa6 Rxd6 36. Qa1 Bg7 37. Qa8+ Bf8 38. Qe8 Ng7 39. Qc8 h5 40. h3 hxg4 41. hxg4 Ne6 42. Ne5 Ng5 43. Nxd7 f3+ 44. Kh2 Nh7 45. Kg3 Re6 46. Kxf3 Kg7 47. Nxf8 Nxf8 48. Qc7+ Kg8 49. Qd8 Kf7 50. Kg3 Kg7 51. f4 Kf7 52. Qc7+ Kg8 53. Kh4 Rf6 54. Qb8 Kg7 55. Kg3 Re6 56. Qc7+ Kg8 57. f5 gxf5 58. gxf5 Rh6 59. Qe7 Nh7 60. Kf4 Rf6 61. Ke5 Rh6 62. f6 1-0

[Event "Ayvalik Walnut"]
[Site "Ayvalik"]
[Date "2023.09.16"]
[Round "9.4"]
[White "Deveci, Huseyin Said"]
[Black "Ozsakallioglu, Okan"]
[Result "1-0"]
[WhiteElo "1948"]
[BlackElo "2277"]
[PlyCount "81"]
[EventDate "2023.09.11"]
[EventType "schev"]
[EventRounds "9"]
[EventCountry "TUR"]
[SourceTitle "EXT 2024"]
[Source "ChessBase"]
[SourceDate "2023.10.10"]
[SourceVersion "1"]
[SourceVersionDate "2023.10.10"]
[SourceQuality "1"]
[WhiteTeam "Team D"]
[BlackTeam "Team A"]
[WhiteTeamCountry "TUR"]
[BlackTeamCountry "TUR"]

1. e4 d6 2. d4 Nf6 3. Nc3 e5 4. Nf3 Nbd7 5. Bc4 Be7 6. 0-0 0-0 7. h3 c6 8. a4 b6 9. Re1 a6 10. Be3 Bb7 11. Bb3 b5 12. axb5 axb5 13. Rxa8 Qxa8 14. dxe5 dxe5 15. Nh4 Rd8 16. Nf5 Bb4 17. Qf3 Bf8 18. Bg5 b4 19. Bxf6 Nxf6 20. Nh6+ gxh6 21. Qxf6 Bg7 22. Qxf7+ Kh8 23. Ne2 Rf8 24. Qe7 Qa7 25. Rf1 Qb6 26. Ng3 Ba6 27. Nf5 Qb7 28. Qxb7 Bxb7 29. Nxg7 Kxg7 30. Rd1 Ba6 31. Rd7+ Kg6 32. Re7 Bb5 33. Rxe5 Ra8 34. Re6+ Kg7 35. e5 Ra1+ 36. Kh2 Rb1 37. Re7+ Kf8 38. Rc7 Rxb2 39. f4 Ke8 40. f5 Kd8 41. f6 1-0

[Event "Ayvalik Walnut"]
[Site "Ayvalik"]
[Date "2023.09.14"]
[Round "5.5"]
[White "Yurtseven, Melih"]
[Black "Ozsakallioglu, Okan"]
[Result "1-0"]
[WhiteElo "2310"]
[BlackElo "2277"]
[PlyCount "52"]
[EventDate "2023.09.11"]
[EventType "schev"]
[EventRounds "9"]
[EventCountry "TUR"]
[SourceTitle "EXT 2024"]
[Source "ChessBase"]
[SourceDate "2023.10.10"]
[SourceVersion "1"]
[SourceVersionDate "2023.10.10"]
[SourceQuality "1"]
[WhiteTeam "Team C"]
[BlackTeam "Team A"]
[WhiteTeamCountry "TUR"]
[BlackTeamCountry "TUR"]

1. c4 c6 2. e4 d5 3. exd5 cxd5 4. d4 Nf6 5. Nc3 Nc6 6. Nf3 g6 7. cxd5 Nxd5 8. Bc4 Nb6 9. Bb3 Bg7 10. 0-0 0-0 11. d5 Na5 12. h3 Nxb3 13. axb3 Bxc3 14. bxc3 Qxd5 15. Bd2 Qh5 16. Re1 Bxh3 17. gxh3 Qxh3 18. Ng5 Qf5 19. Qf3 Qxf3 20. Nxf3 Rfe8 21. Be3 Nd5 22. Bd4 a6 23. c4 Nb4 24. Rad1 Rac8 25. Bb6 Rc6 26. Ba5 Rf6 1-0

[Event "Ayvalik Lemon"]
[Site "Ayvalik"]
[Date "2023.09.09"]
[Round "8"]
[White "Ozsakallioglu, Okan"]
[Black "Celik, Hasan Huseyin"]
[Result "0-1"]
[WhiteElo "2277"]
[BlackElo "2412"]
[PlyCount "96"]
[EventDate "2023.09.04"]
[EventType "schev"]
[EventRounds "9"]
[EventCountry "TUR"]
[SourceTitle "EXT 2024"]
[Source "ChessBase"]
[SourceDate "2023.10.10"]
[SourceVersion "1"]
[SourceVersionDate "2023.10.10"]
[SourceQuality "1"]
[WhiteTeam "Team A"]
[BlackTeam "Team C"]
[WhiteTeamCountry "TUR"]
[BlackTeamCountry "TUR"]

1. c4 Nf6 2. Nc3 e5 3. e3 Bb4 4. Nge2 c6 5. a3 Ba5 6. b4 Bc7 7. Bb2 0-0 8. d4 d5 9. cxd5 cxd5 10. Nb5 e4 11. Nxc7 Qxc7 12. Rc1 Qe7 13. Nf4 Be6 14. Be2 Nbd7 15. 0-0 Nb6 16. b5 Rfc8 17. Qb3 Bg4 18. f3 Bf5 19. fxe4 Bxe4 20. a4 Qd8 21. a5 Nc4 22. Bxc4 dxc4 23. Rxc4 Rxc4 24. Qxc4 Rc8 25. Qb4 Nd5 26. Nxd5 Qxd5 27. Rf2 h6 28. Qe7 Bg6 29. Qe5 Qxe5 30. dxe5 Rc5 31. Bd4 Rxb5 32. Ra2 a6 33. Rb2 Rxa5 34. Rxb7 Bf5 35. e6 Bxe6 36. Rb1 Kh7 37. Ra1 Rxa1+ 38. Bxa1 a5 39. e4 a4 40. Kf2 a3 41. Ke3 g5 42. g3 Kg6 43. h4 gxh4 44. gxh4 Kh5 45. Bf6 Kg4 46. Bg7 a2 47. Bf6 h5 48. Kd3 Kf3 0-1

[Event "Ayvalik Lemon"]
[Site "Ayvalik"]
[Date "2023.09.08"]
[Round "7"]
[White "Ozsakallioglu, Okan"]
[Black "Bryakin, Mikhail"]
[Result "0-1"]
[WhiteElo "2277"]
[BlackElo "2481"]
[PlyCount "60"]
[EventDate "2023.09.04"]
[EventType "schev"]
[EventRounds "9"]
[EventCountry "TUR"]
[SourceTitle "EXT 2024"]
[Source "ChessBase"]
[SourceDate "2023.10.10"]
[SourceVersion "1"]
[SourceVersionDate "2023.10.10"]
[SourceQuality "1"]
[WhiteTeam "Team A"]
[BlackTeam "Team B"]
[WhiteTeamCountry "TUR"]
[BlackTeamCountry "TUR"]

1. e4 c6 2. d4 d5 3. Nc3 dxe4 4. Nxe4 Bf5 5. Ng3 Bg6 6. h4 h6 7. Nf3 Nd7 8. h5 Bh7 9. Bd3 Bxd3 10. Qxd3 e6 11. Bd2 Ngf6 12. 0-0-0 Qb6 13. Ne4 Rd8 14. c4 Nxe4 15. Qxe4 Qa6 16. Ne5 Nxe5 17. dxe5 Qxa2 18. Bc3 Qa1+ 19. Kc2 Qa4+ 20. Kc1 Rxd1+ 21. Rxd1 Bb4 22. Bxb4 Qxb4 23. Rd3 0-0 24. Rd7 b5 25. Qxc6 bxc4 26. Rd2 a5 27. Qd6 Qb7 28. f3 c3 29. bxc3 Qb3 30. Rc2 Rb8 0-1

[Event "Ayvalik Lemon"]
[Site "Ayvalik"]
[Date "2023.09.04"]
[Round "1"]
[White "Ozsakallioglu, Okan"]
[Black "Shanava, Konstantine"]
[Result "0-1"]
[WhiteElo "2277"]
[BlackElo "2474"]
[PlyCount "104"]
[EventDate "2023.09.04"]
[EventType "schev"]
[EventRounds "9"]
[EventCountry "TUR"]
[SourceTitle "EXT 2024"]
[Source "ChessBase"]
[SourceDate "2023.10.10"]
[SourceVersion "1"]
[SourceVersionDate "2023.10.10"]
[SourceQuality "1"]
[WhiteTeam "Team A"]
[BlackTeam "Team B"]
[WhiteTeamCountry "TUR"]
[BlackTeamCountry "TUR"]

1. e4 g6 2. d4 Bg7 3. Nc3 c6 4. Nf3 d6 5. Be3 Nd7 6. Qd2 Qc7 7. a4 Ngf6 8. Bh6 0-0 9. Be2 e5 10. 0-0 Re8 11. Bxg7 Kxg7 12. Rad1 Nf8 13. d5 cxd5 14. Nxd5 Nxd5 15. Qxd5 Rd8 16. Qc4 Qe7 17. a5 Ne6 18. g3 Nc5 19. Rfe1 b6 20. axb6 axb6 21. Nd2 Bb7 22. Qb4 Qc7 23. b3 Ra2 24. Rc1 Ne6 25. Nc4 Nd4 26. Bd1 b5 27. Nd2 Qc5 28. Qxc5 dxc5 29. Nf1 b4 30. f3 Bc8 31. Ne3 Be6 32. f4 f6 33. Rf1 h5 34. Rf2 Nb5 35. fxe5 fxe5 36. Be2 Na3 37. Bf1 Rb2 38. h4 Rd6 39. Re1 Rd4 40. Bg2 Rb1 41. Rff1 Rxe1 42. Rxe1 Rd2 43. Rc1 Re2 44. Nd5 Rxc2 45. Rd1 Rb2 46. Nc7 Bxb3 47. Rd7+ Kf8 48. Bh3 Rb1+ 49. Kf2 Rd1 50. Nd5 Bxd5 51. exd5 b3 52. Rb7 c4 0-1

[Event "Istanbul op"]
[Site "Istanbul"]
[Date "2023.08.29"]
[Round "5"]
[White "Karaoglan, Kivanc"]
[Black "Ozsakallioglu, Okan"]
[Result "1-0"]
[WhiteElo "2190"]
[BlackElo "2326"]
[PlyCount "58"]
[EventDate "2023.08.26"]
[EventType "swiss"]
[EventRounds "9"]
[EventCountry "TUR"]
[SourceTitle "EXT 2024"]
[Source "ChessBase"]
[SourceDate "2023.10.10"]
[SourceVersion "1"]
[SourceVersionDate "2023.10.10"]
[SourceQuality "1"]

1. e4 c5 2. Nf3 e6 3. d4 cxd4 4. Nxd4 Nc6 5. Nc3 Qc7 6. Be3 a6 7. Qf3 Nf6 8. 0-0-0 Ne5 9. Qg3 b5 10. Bxb5 axb5 11. Ndxb5 Qb8 12. Bf4 d6 13. Nxd6+ Bxd6 14. Rxd6 Nh5 15. Qg5 Qxd6 16. Bxe5 f6 17. Qxh5+ g6 18. Qxg6+ hxg6 19. Bxd6 Bb7 20. f3 e5 21. b4 Kf7 22. a4 Ke6 23. Bc5 f5 24. h3 Rad8 25. a5 Ba6 26. Nd5 Rxd5 27. exd5+ Kxd5 28. Rd1+ Kc4 29. Rd6 Ra8 1-0

[Event "Istanbul op"]
[Site "Istanbul"]
[Date "2023.08.28"]
[Round "4"]
[White "Ozsakallioglu, Okan"]
[Black "Yadegar, Radin"]
[Result "1/2-1/2"]
[WhiteElo "2326"]
[BlackElo "2255"]
[PlyCount "125"]
[EventDate "2023.08.26"]
[EventType "swiss"]
[EventRounds "9"]
[EventCountry "TUR"]
[SourceTitle "EXT 2024"]
[Source "ChessBase"]
[SourceDate "2023.10.10"]
[SourceVersion "1"]
[SourceVersionDate "2023.10.10"]
[SourceQuality "1"]

1. e4 e5 2. Nf3 Nc6 3. d4 exd4 4. Bc4 Nf6 5. e5 d5 6. Bb5 Ne4 7. Nxd4 Bd7 8. Bxc6 bxc6 9. 0-0 Bc5 10. f3 Ng5 11. f4 Ne4 12. Be3 Bb6 13. Nd2 Nxd2 14. Qxd2 c5 15. Nf3 d4 16. Bf2 Bc6 17. Bh4 Qd7 18. Rad1 Bd5 19. f5 Bxf3 20. Rxf3 Qd5 21. Qg5 Kd7 22. c4 Qxc4 23. e6+ Kc6 24. Qe7 fxe6 25. fxe6 Rae8 26. Qd7+ Kb7 27. e7 Qc2 28. Rdf1 d3 29. Qd5+ Ka6 30. Kh1 c4 31. Rf4 Qe2 32. Qxc4+ Kb7 33. Qd5+ Kb8 34. a4 a5 35. b4 g5 36. Bxg5 h6 37. Bh4 Rhg8 38. Rf8 d2 39. Qxg8 Qxf1+ 40. Rxf1 Rxg8 41. b5 Bc5 42. Rd1 Bb4 43. g4 Kb7 44. h3 Re8 45. Kg2 c5 46. bxc6+ Kxc6 47. Kf3 Kc5 48. Ke3 Kc4 49. Bf6 Kb3 50. Rxd2 Bxd2+ 51. Kxd2 Kxa4 52. Kd3 Kb5 53. Ke4 Kc6 54. Kf5 Kd7 55. h4 a4 56. g5 hxg5 57. hxg5 a3 58. g6 Rxe7 59. g7 Re8 60. Kg6 Ke6 61. Ba1 a2 62. Bb2 Rc8 63. Bf6 1/2-1/2

[Event "Istanbul op"]
[Site "Istanbul"]
[Date "2023.08.27"]
[Round "3"]
[White "Petriashvili, Nikoloz"]
[Black "Ozsakallioglu, Okan"]
[Result "1-0"]
[WhiteElo "2458"]
[BlackElo "2326"]
[PlyCount "89"]
[EventDate "2023.08.26"]
[EventType "swiss"]
[EventRounds "9"]
[EventCountry "TUR"]
[SourceTitle "EXT 2024"]
[Source "ChessBase"]
[SourceDate "2023.10.10"]
[SourceVersion "1"]
[SourceVersionDate "2023.10.10"]
[SourceQuality "1"]

1. Nf3 d5 2. g3 Bg4 3. Bg2 Nd7 4. d4 Ngf6 5. 0-0 e6 6. c4 c6 7. cxd5 exd5 8. Qb3 Qb6 9. Qe3+ Be7 10. Nc3 Qd8 11. h3 Bh5 12. g4 Bg6 13. Nh4 0-0 14. Nxg6 hxg6 15. Qd3 Re8 16. g5 Ne4 17. Bxe4 dxe4 18. Nxe4 Nf8 19. Rd1 Ne6 20. h4 Qa5 21. Qf3 Rad8 22. Be3 Rd5 23. Rd3 Red8 24. Rad1 Qxa2 25. Nc3 Qxb2 26. Rb1 Qc2 27. Rxb7 Rf5 28. Qxc6 Bd6 29. Qa4 Qxa4 30. Nxa4 Nf4 31. Bxf4 Rxf4 32. e3 Rxh4 33. Rxa7 Rg4+ 34. Kf1 Rxg5 35. Nb6 Rb5 36. Nc4 g5 37. Rc3 Bf8 38. Ne5 f6 39. Nd7 g4 40. Kg2 Rg5 41. Rc6 Kh8 42. e4 Re8 43. d5 Bb4 44. Rb7 Rxe4 45. Rc8+ 1-0

[Event "Ankara Baskent Univ op 6th"]
[Site "Ankara"]
[Date "2023.08.18"]
[Round "6"]
[White "Gurbanov, Ismayil"]
[Black "Ozsakallioglu, Okan"]
[Result "1-0"]
[WhiteElo "1985"]
[BlackElo "2326"]
[PlyCount "113"]
[EventDate "2023.08.15"]
[EventType "swiss"]
[EventRounds "9"]
[EventCountry "TUR"]
[SourceTitle "CBM 215 Extra"]
[Source "ChessBase"]
[SourceDate "2023.09.30"]
[SourceVersion "1"]
[SourceVersionDate "2023.09.30"]
[SourceQuality "1"]

1. e4 d6 2. d4 Nf6 3. Nc3 e5 4. Nf3 Nbd7 5. Be2 Be7 6. 0-0 c6 7. a4 0-0 8. h3 b6 9. Bg5 a6 10. dxe5 dxe5 11. a5 b5 12. Bxf6 Bxf6 13. Qd6 Nb8 14. Qc5 Qc7 15. Nd5 Qa7 16. Nxf6+ gxf6 17. Qc3 Be6 18. Rad1 Nd7 19. Rd6 Nc5 20. Rxc6 Rac8 21. Rxc8 Rxc8 22. Qe3 Qc7 23. b4 Na4 24. Bd3 Kg7 25. Nh4 Qc3 26. f4 Qxb4 27. fxe5 Qc5 28. exf6+ Kf8 29. Qxc5+ Nxc5 30. Kf2 Nxd3+ 31. cxd3 b4 32. Nf3 Ba2 33. Nd2 Rc2 34. Ke3 Ke8 35. Rf5 b3 36. Re5+ Kd8 37. Nxb3 Bxb3 38. g4 Rh2 39. Rh5 Be6 40. d4 h6 41. Kf4 Rf2+ 42. Ke5 Bc4 43. Rxh6 Re2 44. g5 Bd3 45. Rh4 Kd7 46. d5 Rg2 47. Kd4 Be2 48. Rh7 Ke8 49. h4 Bf3 50. Ke3 Bd1 51. Rh8+ Kd7 52. Ra8 Re2+ 53. Kd4 Bc2 54. Ra7+ Ke8 55. e5 Bb3 56. Ra8+ Kd7 57. e6+ 1-0

[Event "Cesme op-A 9th"]
[Site "Cesme"]
[Date "2023.06.24"]
[Round "8"]
[White "Schekachikhin, Maksim"]
[Black "Ozsakallioglu, Okan"]
[Result "0-1"]
[WhiteElo "2371"]
[BlackElo "2246"]
[PlyCount "104"]
[EventDate "2023.06.19"]
[EventType "swiss"]
[EventRounds "9"]
[EventCountry "TUR"]
[SourceTitle "CBM 214 Extra"]
[Source "ChessBase"]
[SourceDate "2023.07.31"]
[SourceVersion "1"]
[SourceVersionDate "2023.07.31"]
[SourceQuality "1"]

1. e4 c5 2. Nf3 e6 3. d4 cxd4 4. Nxd4 Nf6 5. Nc3 Nc6 6. Ndb5 d6 7. Bf4 e5 8. Bg5 a6 9. Na3 b5 10. Nd5 Be7 11. Bxf6 Bxf6 12. c3 Ne7 13. Nxe7 Bxe7 14. g3 Bb7 15. Bg2 f5 16. 0-0 fxe4 17. Qg4 Qd7 18. Qxg7 0-0-0 19. Qh6 Kb8 20. c4 d5 21. cxd5 Qxd5 22. Qh5 Bc5 23. Nc2 Rhf8 24. Rae1 Qxa2 25. Qxe5+ Bd6 26. Qg7 Rde8 27. Qxh7 Qxb2 28. Bxe4 Rxe4 29. Rxe4 Qf6 30. Re3 Bc5 31. Qh5 Qc6 32. f3 Re8 33. Kf2 Bb6 34. Qf5 b4 35. Nd4 Qa4 36. Rxe8+ Qxe8 37. Qf4+ Ka7 38. Kg2 Qa4 39. Qd2 b3 40. Ne2 Qb5 41. Nd4 Qc4 42. Nxb3 Qxb3 43. h4 Qe6 44. h5 Qg4 45. h6 Qh5 46. Qf4 Qg6 47. Rh1 Qc2+ 48. Kh3 a5 49. Qf7 a4 50. h7 Bd4 51. Kg4 Qc8+ 52. Qf5 Bxf3+ 0-1

[Event "EU-ch 23rd"]
[Site "Vrnjacka Banja"]
[Date "2023.03.05"]
[Round "3"]
[White "Ozsakallioglu, Okan"]
[Black "Oliinyk, Serafim"]
[Result "1/2-1/2"]
[WhiteElo "2264"]
[BlackElo "2042"]
[PlyCount "44"]
[EventDate "2023.03.03"]
[EventType "swiss"]
[EventRounds "11"]
[EventCountry "SRB"]
[SourceTitle "CBM 213"]
[Source "ChessBase"]
[SourceDate "2023.04.30"]
[SourceVersion "1"]
[SourceVersionDate "2023.04.30"]
[SourceQuality "1"]

1. e4 e5 2. Nf3 Nc6 3. Bb5 Nge7 4. c3 a6 5. Ba4 g6 6. d4 exd4 7. cxd4 b5 8. Bb3 Bg7 9. d5 Na5 10. Bd2 Nxb3 11. Qxb3 d6 12. Bc3 0-0 13. 0-0 c5 14. dxc6 Be6 15. Qa3 Bxc3 16. Qxc3 Rc8 17. Nd4 Nxc6 18. Nxc6 Qe8 19. Rc1 Bd7 20. Qa3 Rxc6 21. Rxc6 Bxc6 22. Nc3 Qe5 1/2-1/2

[Event "Balikesir Sebboy Gp"]
[Site "Balikesir"]
[Date "2022.12.25"]
[Round "6.2"]
[White "Ozsakallioglu, Okan"]
[Black "Ozen, Metehan"]
[Result "1/2-1/2"]
[WhiteElo "2258"]
[BlackElo "2137"]
[PlyCount "60"]
[EventDate "2022.12.22"]
[EventType "team-schev"]
[EventRounds "9"]
[EventCountry "TUR"]
[SourceTitle "CBM 212 Extra"]
[Source "ChessBase"]
[SourceDate "2023.03.31"]
[SourceVersion "1"]
[SourceVersionDate "2023.03.31"]
[SourceQuality "1"]
[WhiteTeam "Team B"]
[BlackTeam "Team A"]
[WhiteTeamCountry "TUR"]
[BlackTeamCountry "TUR"]

1. d4 d5 2. c4 c6 3. Nf3 Nf6 4. Nc3 e6 5. Bg5 Nbd7 6. cxd5 exd5 7. e3 h6 8. Bf4 Nh5 9. Bg3 Nxg3 10. hxg3 Nf6 11. Bd3 Bd6 12. Qc2 Qe7 13. 0-0-0 Be6 14. Kb1 0-0-0 15. Nb5 Kb8 16. Nxd6 Qxd6 17. Ne5 Ng4 18. Nxg4 Bxg4 19. Rc1 h5 20. a3 g5 21. Bf5 Qf6 22. Bxg4 hxg4 23. Ka2 a6 24. Ka1 Ka7 25. Ka2 Kb8 26. Ka1 Ka7 27. Qc5+ Ka8 28. Qc2 Ka7 29. Qc5+ Ka8 30. Qc2 Ka7 1/2-1/2

[Event "Balikesir Krizantem Gp"]
[Site "Balikesir"]
[Date "2022.12.20"]
[Round "9.4"]
[White "Ozsakallioglu, Okan"]
[Black "Gunduz, Umut Erdem"]
[Result "0-1"]
[WhiteElo "2258"]
[BlackElo "2245"]
[PlyCount "74"]
[EventDate "2022.12.15"]
[EventType "team-schev"]
[EventRounds "9"]
[EventCountry "TUR"]
[SourceTitle "CBM 212 Extra"]
[Source "ChessBase"]
[SourceDate "2023.03.31"]
[SourceVersion "1"]
[SourceVersionDate "2023.03.31"]
[SourceQuality "1"]
[WhiteTeam "Team D"]
[BlackTeam "Team A"]
[WhiteTeamCountry "TUN"]
[BlackTeamCountry "TUR"]

1. d4 Nf6 2. Nf3 c5 3. d5 e6 4. c4 d6 5. Nc3 exd5 6. cxd5 g6 7. g3 Bg7 8. Bg2 0-0 9. 0-0 Re8 10. Bf4 Nbd7 11. Qc1 Nb6 12. Rd1 Ne4 13. Nxe4 Rxe4 14. Nd2 Rxe2 15. Bf3 Re8 16. Ne4 Be5 17. h4 Bf5 18. h5 Bxe4 19. Bxe4 Bxf4 20. Qxf4 Re5 21. hxg6 hxg6 22. Kg2 Qe7 23. Bf3 Qg5 24. Qxg5 Rxg5 25. Re1 Nd7 26. a4 Re5 27. Rh1 a5 28. Rh4 Kg7 29. Rah1 Nf6 30. Rd1 Ra6 31. Rd3 Rb6 32. b3 Re1 33. Rc4 Nd7 34. Rcc3 Ne5 35. Re3 Rxe3 36. Rxe3 Rb4 37. Be2 g5 0-1

[Event "Balikesir Krizantem Gp"]
[Site "Balikesir"]
[Date "2022.12.17"]
[Round "4.4"]
[White "Dedebas, Emre Emin"]
[Black "Ozsakallioglu, Okan"]
[Result "0-1"]
[WhiteElo "2312"]
[BlackElo "2258"]
[PlyCount "153"]
[EventDate "2022.12.15"]
[EventType "team-schev"]
[EventRounds "9"]
[EventCountry "TUR"]
[SourceTitle "CBM 212 Extra"]
[Source "ChessBase"]
[SourceDate "2023.03.31"]
[SourceVersion "1"]
[SourceVersionDate "2023.03.31"]
[SourceQuality "1"]
[WhiteTeam "Team A"]
[BlackTeam "Team D"]
[WhiteTeamCountry "TUR"]
[BlackTeamCountry "TUN"]

1. d4 d5 2. c4 c6 3. Nf3 Nf6 4. Qc2 dxc4 5. Qxc4 Bg4 6. Nbd2 Qd5 7. Qb3 Qxb3 8. Nxb3 Nbd7 9. h3 Bxf3 10. gxf3 e5 11. a3 0-0-0 12. e3 exd4 13. Nxd4 Bc5 14. Nb3 Bb6 15. f4 Ne4 16. Bc4 Nd6 17. Bd3 a5 18. a4 Nc5 19. Nxc5 Bxc5 20. Bd2 Bb4 21. Bxb4 axb4 22. Ke2 Kc7 23. a5 Rhe8 24. Rhg1 g6 25. Ra4 Ne4 26. Rxb4 Nc5 27. Bc2 Rd5 28. Rc4 Ne6 29. b4 Nd4+ 30. Rxd4 Rxd4 31. Rb1 Rxf4 32. b5 cxb5 33. Rxb5 Rh4 34. Bb3 Re7 35. Bd5 Kc8 36. Bf3 f5 37. Bg2 Ra4 38. Kf3 Kb8 39. Kg3 Ka7 40. Bf3 Rc7 41. h4 Rac4 42. Rb3 R4c5 43. Ra3 Rc3 44. Ra2 Rc2 45. Ra3 R7c3 46. Ra4 Ka6 47. Rb4 Rc7 48. Rb6+ Ka7 49. Rb4 R2c5 50. Ra4 Rb5 51. Be2 Re5 52. Bf3 h6 53. Ra3 g5 54. hxg5 hxg5 55. Bg2 Rb5 56. Bf1 Rb4 57. Kf3 Re4 58. Kg3 Rc5 59. Bg2 Ree5 60. f4 gxf4+ 61. exf4 Re7 62. Bh3 Rd7 63. Kh4 Rg7 64. Kh5 Rc8 65. Kh6 Rg1 66. Kh7 Rc2 67. Kh6 Rh2 68. Kh5 Rgh1 69. Kh4 Ka6 70. Rb3 Kxa5 71. Rxb7 Rxh3+ 72. Kg5 Rh8 73. Rf7 R1h5+ 74. Kf6 Kb5 75. Rc7 Rf8+ 76. Ke5 Rh1 77. Kd4 0-1